6.1 Anglais - Statistiques

Statistiques générales
  • Ce quiz a été pris 60 fois
  • Le résultat moyen est 20 sur 40
Statistiques - réponses
Parties du corps Body parts % Correct
Bras Arm
96%
Cheveux Hair
95%
Doigts Fingers
93%
Mains Hands
91%
Nuque/Cou Neck
91%
Nez Nose
91%
Epaules Shoulders
88%
Pieds Feet
84%
Jambes Legs
84%
Genou Knee
80%
Oreilles Ears
68%
Joues Cheeks
66%
Cheville Ankle
59%
Machoire Jaw
59%
Coude Elbow
55%
Hanches Hips
55%
Pouce Thumb
55%
Front Forehead
54%
Poumon/Poitrine Chest
52%
Orteils Toe
50%
Seins Breast
46%
Menton Chin
46%
Avant-bras Forearm
46%
Tétons Nipples
45%
Poignet Wrist
45%
Aisselles Armpit
41%
Cuisse Thigh
36%
Paume Palm
34%
Gros orteil Big toe
32%
Mollet Calf
30%
Ventre Stomach
21%
Taille/"reins" Waist
21%
Organes Genitaux Genitals
20%
Talon Heel
14%
Postérieur Buttock
9%
Nombril Navel
9%
Tibia Shin
9%
Pomme d'Adam Adam's apple
7%
Aine Groin
7%
Plante du pied Sole
4%
Aucun quiz correspondant
Distribution des résultats
% des personnes avec chaque résultat
Percentile par nombre de réponses
Votre historique - résultats
Vous n’avez pas pris ce quiz